000 02838cam a2200301 4500500
005 20260329012423.0
041 _afre
042 _adc
100 1 0 _aMathevet, Raphaël
_eauthor
700 1 0 _aBeau, Rémi
_eauthor
245 0 0 _aLe renouveau du sauvage : faire, refaire, laisser-faire le sauvage dans nos territoires
260 _c2026.
500 _a54
520 _aCet article propose une restitution du colloque « Le renouveau du sauvage » tenu au château de Cerisy-la-Salle du 26 juin au 2 juillet 2023, axé sur la cohabitation avec le sauvage et ses impacts sur la société. Le colloque a favorisé les échanges entre disciplines variées et acteurs de terrain (écologistes, géographes, historiens, philosophes, sociologues, naturalistes, gestionnaires d’espaces protégés, etc.). En parallèle, des interactions ont eu lieu avec le colloque « Que peut la littérature pour les vivants ? ». Cet article montre l’intérêt du dialogue entre sciences écologiques et humanités environnementales, révélant la diversité de la remise en question de l’anthropocentrisme. Il souligne également le rôle de la littérature et des arts dans la réesthétisation du monde malgré l’épuisement des récits. Le réensauvagement se décline sous diverses formes remises en question par la transition écologique.
520 _aThis article is a summary of the conference entitled ‘The renewal of the wild’, which took place at the château de Cerisy-la-Salle from 26 June to 2 July 2023 and focused on living with the wild and its impact on society. The conference stimulated exchanges between a wide range of disciplines and actors in the field (ecologists, geographers, historians, philosophers, sociologists, naturalists, protected area managers, etc.). In parallel, there was an interaction with the conference ‘What literature can do for the living?’. This article shows the interest of a dialogue between ecological sciences and environmental humanities. It reveals the diversity of questions addressing anthropocentrism. It also highlights the role of literature and the arts in re-aesthetising the world despite the erosion of narratives. Rewilding takes a variety of forms that are being challenged by the ecological transition.
690 _acoexistence
690 _ahumanités environnementales
690 _ainterdisciplinarité
690 _asauvage
690 _asciences de la conservation
690 _acoexistence
690 _aconservation sciences
690 _aenvironmental humanities
690 _ainterdisciplinarity
690 _awilderness
786 0 _nNatures Sciences Sociétés | 33 | 3 | 2026-03-03 | p. 318-323 | 1240-1307
856 4 1 _uhttps://stm.cairn.info/revue-natures-sciences-societes-2025-3-page-318?lang=fr&redirect-ssocas=7080
999 _c1870854
_d1870854